000 00548nam a22002057a 4500
942 _cBK
999 _c583
_d583
005 20250420134817.0
008 200810b ||||| |||| 00| 0 eng d
020 _a9789386845726
040 _cKCST
082 _a808.042
_bBh Ho
100 _aBhatia, H.S.
_94983
245 _aHow to write correct English /
250 _a21st edition.
260 _aNew Delhi:
_bRamesh publishing house,
_c[not identified]
300 _a336 p.
650 _aEnglish language
_92090
650 _aComposition and exercises.
_94984
942 _2ddc